Breakfast at Tiffany's - Moon River Lyrics - Statistics

General Stats
  • This quiz has been taken 71 times
  • The average score is 11 of 13
Answer Stats
Lyrics % Correct
{Moon} {river}
100%
{Moon} {river} and me
100%
There's such alot of world to {see}
91%
You {heart} breaker
91%
Wider than a {mile}
89%
I'm {goin}' your way
88%
Wherever you're {goin}'
88%
A {dream} maker
86%
I'm {crossing} you in style someday
81%
Two {drifters} off to see the world
77%
My {huckleberry} friend
67%
We're after the same {rainbow}'s end
53%
{Waiting} 'round the bend
44%
No matching quizzes found
Score Distribution
Percent of People with Each Score
Percentile by Number Answered
Your Score History
You have not taken this quiz